| 000 | 03100nam a22002537a 4500 | ||
|---|---|---|---|
| 003 | DO-SdBJH | ||
| 005 | 20260330220546.0 | ||
| 008 | 260330b2025 |||||||| |||| 00| 0 spa d | ||
| 040 |
_aDO-SdBJH _bspa _cDO-SdBJH |
||
| 041 | 0 | _aspa | |
| 090 |
_aCT E-GEO 0004 _bEGAEE 2025 |
||
| 100 | 1 |
_aCalzada Grullón, José Daniel _esustentante |
|
| 245 | 1 | 0 |
_aImpacto del lidrazgo estratégico de los intereses nacionales en la iniciativa de seguridad de la Cuenca del Caribe : _bperíodo 2020-2024 / _cJosé Daniel Calzada Grullón, Fabiola Fabián Duran ; asesor metodológico Cesar A. Thomas Castillo ; asesor de contenido Jonathan Delgado. |
| 260 |
_aSanto Domingo, República Dominicana : _bUNADE, _c2025. |
||
| 300 | _axv, 45, [40] páginas. | ||
| 502 | _aTesis y trabajos de grado (Especialidad en Geopolítica)--Universidad Nacional para la Defensa "General Juan Pablo Duarte y Díez", Escuela de Graduados de Altos Estudios Estratégicos, Santo Domingo, 2025. | ||
| 504 | _aIncluye referencias bibliográficas, apéndices y anexos. | ||
| 505 | _aDescribir el origen y desarrollo geopolítico que motivaron la creación de la iniciativa de seguridad de la Cuenca del Caribe -- Acciones implementadas en defensa de los intereses nacionales en la iniciativa de seguridad de la Cuenca del Caribe, período 2020-2024 -- Liderazgo estratégico implementado por República Dominicana para la defensa de sus intereses nacionales dentro de la iniciativa de seguridad de la Cuenca del Caribe. | ||
| 520 | _aEsta investigación busca analizar el impacto del liderazgo estratégico de los intereses nacionales en la Iniciativa de Seguridad en la Cuenca del Caribe, dentro del periodo 2020-2024. Para esto se uso una muestra no probabilística de ocho (6) residentes dominicanos, especialistas en el tema, entrevistados durante una guía de preguntas. Se utilizo un diseño de investigación no experimental de enfoque cualitativo. Este análisis busca conocer la proyección a largo plazo de Republica Dominicana para mantenerse como referente geopolítico y garante de la seguridad colectiva del caribe. Como parte del contenido se presenta el origen y desarrollo geopolítico que motivo la creación de la Iniciativa de Seguridad de la Cuenca del caribe . Igualmente se presentan las acciones complementadas en defensa de los intereses nacionales en la Iniciativa. Finalmente se expone el liderazgo estratégico que ha sido implementado por Republica Dominicana para la defensa de sus intereses nacionales frente a la Iniciativa. En base a los resultados obtenidos, los investigadores concluyen que la Participación de Republica Dominicana en la CBSI DURANTE 2020-2024 ha sido significativa y revela un liderazgo estratégico en evolución. Aunque existen logros claros en cooperación, capacidades y posicionamiento regional, persisten desafíos estructurales que limitan el alcance pleno de sus objetivos nacionales. | ||
| 700 | 1 |
_aFabián Duran, Fabiola _esustentante |
|
| 700 | 1 |
_aThomas Castillo, Cesar A. _easesor metodológico |
|
| 700 | 1 |
_aDelgado, Jonathan _easesor de contenido |
|
| 942 |
_2CL _cT |
||
| 999 |
_c8627 _d8627 |
||